Phân lập chất từ cao phân cực trung bình của thân cây Phèn Đen (Phyllanthus reticulatus Poir.), họ Thầu Dầu (Euphorbiaceae) : Luận văn tốt nghiệp cao học chuyên ngành: Hóa hữu cơ

Nội dung luận văn giới thiệu cơ sở lý luận và phương pháp nghiên cứu. Phân lập và xác định cấu trúc hóa học của các hợp chất từ cao chiết dichloromethane và ethyl acetate của phần thân cây Phèn Đen. Giải pháp và kiến nghị....

Volledige beschrijving

Bewaard in:
Bibliografische gegevens
Hoofdauteur: Lê, Thị Anh Vy
Formaat: Boek
Taal:Undetermined
Gepubliceerd in: Cần Thơ Trường Đại học Cần Thơ 2018
Onderwerpen:
Tags: Voeg label toe
Geen labels, Wees de eerste die dit record labelt!
Thư viện lưu trữ: Trung tâm Học liệu Trường Đại học Cần Thơ
LEADER 01270nam a2200229Ia 4500
001 CTU_228188
008 210402s9999 xx 000 0 und d
082 |a 615.321 
082 |b V600 
088 |a 60440114 
100 |a Lê, Thị Anh Vy 
245 0 |a Phân lập chất từ cao phân cực trung bình của thân cây Phèn Đen (Phyllanthus reticulatus Poir.), họ Thầu Dầu (Euphorbiaceae) : 
245 0 |b Luận văn tốt nghiệp cao học chuyên ngành: Hóa hữu cơ 
245 0 |c Lê Thị Anh Vy ; Tôn Nữ Liên Hương (cán bộ hướng dẫn) 
260 |a Cần Thơ 
260 |b Trường Đại học Cần Thơ 
260 |c 2018 
520 |a Nội dung luận văn giới thiệu cơ sở lý luận và phương pháp nghiên cứu. Phân lập và xác định cấu trúc hóa học của các hợp chất từ cao chiết dichloromethane và ethyl acetate của phần thân cây Phèn Đen. Giải pháp và kiến nghị. 
650 |a Cây dược liệu,Medicinal plants 
650 |x Công nghệ sinh học,Biotechnology 
910 |b dqhieu 
980 |a Trung tâm Học liệu Trường Đại học Cần Thơ